Normal view MARC view

Entry Personal Name

Number of records used in: 1

001 - CONTROL NUMBER

  • control field: 530321

003 - CONTROL NUMBER IDENTIFIER

  • control field: OSt

005 - DATE AND TIME OF LATEST TRANSACTION

  • control field: 20220930072718.0

008 - FIXED-LENGTH DATA ELEMENTS

  • fixed length control field: 220930|| aca||aabn | a|a d

040 ## - CATALOGING SOURCE

  • Original cataloging agency: OSt
  • Transcribing agency: OSt

100 ## - HEADING--PERSONAL NAME

  • Personal name: Dr Rajeev Puri

670 ## - SOURCE DATA FOUND

  • Source citation: Work cat.: (OSt)864233: Srinath, V S 530320, Comparative evaluation of cervical lymph nodes by duplex colour doppler sonography in head and neck neoplasms, 1998
Copyright @ Delhi University Library System